000
00312nam a22001337a 4500
008
170923b xxu||||| |||| 00| 0 eng d
020
_a
2900131219006
041
_a
eng
080
_a
37
100
_a
46
101
_a
EDU
245
_a
INCLUSIVE CLASSROOMS VIDEO CASES ON CD-ROOM
_c
BAUER, A.M
942
_2
udc
_c
BK
999
_c
29441
_d
29441